Escritos de Juan Bautista Alberdi : el redactor de la ley /

Saved in:
Main Author: Alberdi, Juan Bautista, 1810-1884
Other Authors: Terán, Oscar, 1938-2008 (Compiler, compilador)
Format: Book
Language:Spanish
Published: Bernal : Universidad Nacional de Quilmes, 1996
Series:Los mejores cuentos de la literatura universal (Clarín Ñ)
Subjects:
LEADER 01202cam a2200385 a 4500
001 012675
003 AR-BeUNQ
005 20210616110734.0
008 961209s1996 ag 000 0 spa d
999 |c 15083  |d 90470 
020 |a 9879173031 
040 |a AR-beUNQ  |e aacr 
099 |a 30-A32 
100 1 |9 862  |a Alberdi, Juan Bautista,  |d 1810-1884 
245 1 0 |a Escritos de Juan Bautista Alberdi :   |b el redactor de la ley /   |c Oscar Terán [compilador]. 
260 |a Bernal :  |b Universidad Nacional de Quilmes,  |c 1996 
300 |a 329 p. 
490 1 |a La ideología argentina 
600 1 4 |a Alberdi, Juan Bautista  |d 1805-1851 
648 4 |a 1830-1884 
650 7 |a Política  |2 spines 
650 7 |a Ensayos literarios  |2 spines 
650 7 |a Análisis histórico  |2 spines 
650 7 |a Pensamiento filosófico  |2 spines 
650 7 |a Derecho civil  |2 spines 
650 7 |a Historia  |2 spines 
651 7 |a Argentina  |2 spines 
653 |a Historia argentina 
700 1 |a Terán, Oscar,  |e compilador  |4 com  |9 2561  |d 1938-2008 
830 3 |9 138  |a Los mejores cuentos de la literatura universal (Clarín Ñ)  |l Español 
929 |j 20027 
929 |j 20028 
929 |j 20029 
929 |j 20030 
942 |c LIB  |n 0